<?xml version="1.0" encoding="UTF-8"?>
<record
    xmlns:xsi="http://www.w3.org/2001/XMLSchema-instance"
    xsi:schemaLocation="http://www.loc.gov/MARC21/slim http://www.loc.gov/standards/marcxml/schema/MARC21slim.xsd"
    xmlns="http://www.loc.gov/MARC21/slim">

  <leader>02234cam a2200241 i 4500</leader>
  <datafield tag="999" ind1=" " ind2=" ">
    <subfield code="c">39615</subfield>
    <subfield code="d">39615</subfield>
  </datafield>
  <datafield tag="020" ind1=" " ind2=" ">
    <subfield code="a">9789354894039</subfield>
  </datafield>
  <datafield tag="020" ind1=" " ind2=" ">
    <subfield code="a">9354894038</subfield>
  </datafield>
  <datafield tag="041" ind1="1" ind2=" ">
    <subfield code="a">eng</subfield>
    <subfield code="a">guj</subfield>
  </datafield>
  <datafield tag="082" ind1="0" ind2="4">
    <subfield code="a">294.4</subfield>
    <subfield code="b">MAH-S</subfield>
  </datafield>
  <datafield tag="100" ind1="1" ind2=" ">
    <subfield code="a">Mahet&#x101;, R&#x101;yacandabh&#x101;&#x12B; Ravaj&#x12B;bh&#x101;&#x12B;,</subfield>
    <subfield code="e">author.</subfield>
  </datafield>
  <datafield tag="245" ind1="1" ind2="0">
    <subfield code="a">Shrimad Rajchandraji's Atmasiddhi shastra :</subfield>
    <subfield code="b">six spiritual truths of the soul /</subfield>
    <subfield code="c">concise &amp; complete commentary by Pujya Gurudevshri Rakeshji.</subfield>
  </datafield>
  <datafield tag="246" ind1="3" ind2="0">
    <subfield code="a">Atmasiddhi shastra</subfield>
  </datafield>
  <datafield tag="260" ind1=" " ind2=" ">
    <subfield code="a">Noida :</subfield>
    <subfield code="b">HarperCollins Publishers,</subfield>
    <subfield code="c">2021.</subfield>
  </datafield>
  <datafield tag="300" ind1=" " ind2=" ">
    <subfield code="a">xlvii, 518p.</subfield>
    <subfield code="b">color illustrations ;</subfield>
  </datafield>
  <datafield tag="520" ind1=" " ind2=" ">
    <subfield code="a">This profound spiritual poetic composition is renowned by its glorious name 'Atmasiddhi Shastra'. 'Atma' means soul and 'Siddhi' means establishment or accomplishment. In this composition, Shrimadji has established the truth of the soul by describing the six fundamentals through pure strength of logic and reasoning. Upon contemplating and internalising it, the true seeker is certain to attain self-realisation. Hence the word, 'Atmasiddhi'. In the past hundreds of years, several texts with the word 'siddhi' have been written, in Jain and non-Jain traditions, to establish their viewpoints and opinions. Sarvarthsiddhi, Anekantsiddhi, Siddhivinishchay, Sarvajnasiddhi, etc., have been written in the Jain tradition, whereas Brahmasiddhi, Advaitsiddhi, etc., are well-known Vedant texts.

This composition has been given the status of a shastra -scripture. In Sanskrit, the word 'shastra' is derived as Shasanat Shastram - that which disciplines is called a shastra. It either inspires one to engage in a pursuit or it directs one to refrain from doing something. This supremely beneficial composition provides guidance, inspiration and impetus for spiritual progress. It propounds and encourages one to tread the sacred path of liberation. Hence, it is rightly called shastra. Thus, the title 'Atmasiddhi Shastra' is perfectly apt. </subfield>
  </datafield>
  <datafield tag="546" ind1=" " ind2=" ">
    <subfield code="a">In English and Gujarati</subfield>
  </datafield>
  <datafield tag="650" ind1=" " ind2="0">
    <subfield code="a">Self-realization</subfield>
    <subfield code="x">Religious aspects</subfield>
    <subfield code="x">Jainism.</subfield>
  </datafield>
  <datafield tag="650" ind1=" " ind2="0">
    <subfield code="a">Jainism</subfield>
    <subfield code="x">Doctrines.</subfield>
  </datafield>
  <datafield tag="650" ind1=" " ind2="7">
    <subfield code="a">Jainism</subfield>
    <subfield code="x">Doctrines.</subfield>
  </datafield>
  <datafield tag="650" ind1=" " ind2="7">
    <subfield code="a">Self-realization</subfield>
    <subfield code="x">Religious aspects</subfield>
    <subfield code="x">Jainism.</subfield>
  </datafield>
  <datafield tag="700" ind1="1" ind2=" ">
    <subfield code="a">Jhaver&#x12B;, R&#x101;ke&#x15B;abh&#x101;&#x12B;,</subfield>
    <subfield code="e">writer of added commentary,</subfield>
    <subfield code="e">translator.</subfield>
  </datafield>
  <datafield tag="942" ind1=" " ind2=" ">
    <subfield code="2">ddc</subfield>
    <subfield code="c">BK</subfield>
  </datafield>
  <datafield tag="952" ind1=" " ind2=" ">
    <subfield code="0">0</subfield>
    <subfield code="1">0</subfield>
    <subfield code="4">0</subfield>
    <subfield code="7">0</subfield>
    <subfield code="a">NASSDOC</subfield>
    <subfield code="b">NASSDOC</subfield>
    <subfield code="d">2024-03-26</subfield>
    <subfield code="e">Gratis</subfield>
    <subfield code="g">0.00</subfield>
    <subfield code="i">NA</subfield>
    <subfield code="l">1</subfield>
    <subfield code="o">294.4 MEH-S</subfield>
    <subfield code="p">54691</subfield>
    <subfield code="r">2024-09-27 00:00:00</subfield>
    <subfield code="s">2024-05-09</subfield>
    <subfield code="v">500.00</subfield>
    <subfield code="w">2024-03-26</subfield>
    <subfield code="y">BK</subfield>
  </datafield>
</record>
